Most Guessed German States - Statistics

General Stats
  • This quiz has been taken 10 times
  • The average score is 6 of 8
Answer Stats
Guessed (%) State % Correct
94 Bavaria
89%
95 Berlin
89%
76 Saxony
89%
67 Baden-Württemberg
78%
86 Hamburg
78%
65 North Rhine-Westphalia
78%
68 Brandenburg
67%
71 Bremen
67%
No matching quizzes found
Score Distribution
Percent of People with Each Score
Percentile by Number Answered
Your Score History
You have not taken this quiz